| 000 | 00841 a2200217 4500 | ||
|---|---|---|---|
| 005 | 20260313163235.0 | ||
| 008 | 260313b |||||||| |||| 00| 0 eng d | ||
| 020 | _a97893289191530 (hbk) | ||
| 037 | _cTB | ||
| 040 |
_aCRL _cCRL |
||
| 041 |
_2hin _ahin |
||
| 084 |
_aO152,1x R0 _qCRL |
||
| 100 |
_aअत्रि, दिनेश _9862233 |
||
| 245 | _aकबाड़ में ट्यूबलाइट | ||
| 260 |
_aदिल्ली, भारत: _bअनन्य प्रकाशन, _c2020. |
||
| 300 | _a126पृ. | ||
| 650 | _aहिन्दी कविता | ||
| 650 | _aहिन्दी साहित्य | ||
| 942 |
_cTB _2CC _hO152,1x R0 |
||
| 999 |
_c1467043 _d1467043 |
||